Entre las alas y el plomo. La gestación de la prensa moderna en Chile.
שמור ב:
| מחבר ראשי: | |
|---|---|
| מחברים אחרים: | |
| פורמט: | ספר |
| שפה: | ספרדית |
| יצא לאור: |
Santiago, Chile:
LOM; Universidad Arcis,
2001.
|
| מהדורה: | Primera edición. |
| סדרה: | Colección Sin Norte. Serie Punto de Fuga.
|
| נושאים: | |
| תגים: |
הוספת תג
אין תגיות, היה/י הראשונ/ה לתייג את הרשומה!
|
MARC
| LEADER | 00000nam a2200000 a 4500 | ||
|---|---|---|---|
| 001 | UCH3126 | ||
| 003 | CL-VaPUC | ||
| 005 | 20250321101907.0 | ||
| 008 | 090715e20010000cl |||||||||||||||||spa|d | ||
| 999 | |c 334763 |d 334761 | ||
| 020 | |a 956-282-349-0 | ||
| 040 | |c Pontificia Universidad Católica de Valparaíso | ||
| 082 | 0 | 4 | |a 070.4 OSS 2001 |2 21 |
| 100 | |a Ossandón Buljevic, Carlos |e autor |9 538292 | ||
| 245 | 1 | 0 | |a Entre las alas y el plomo. |b La gestación de la prensa moderna en Chile. |
| 250 | |a Primera edición. | ||
| 260 | |a Santiago, Chile: |b LOM; |b Universidad Arcis, |c 2001. | ||
| 300 | |a 158 páginas. | ||
| 490 | 0 | |a Colección Sin Norte. |a Serie Punto de Fuga. | |
| 500 | |a c.3 - c.4. Instituto Arcos 8-1-2025. | ||
| 583 | |a last modification |c 20171121 11:51:06 |k Rodrigo Vera | ||
| 650 | 0 | |a Periodismo |9 310113 |z Chile | |
| 650 | 0 | |a Medios de comunicación de masas |9 257273 |z Chile | |
| 650 | 0 | |a Prensa escrita |9 332803 |z Chile | |
| 700 | 0 | |a Santa Cruz A., Eduardo |e autor |9 538293 | |
| 942 | |c BK |2 ddc |n 0 | ||
| 945 | |d 20090715 00:00:00 |a rbrito | ||
| 952 | |0 0 |1 0 |4 0 |6 070_400000000000000_OSS_2001_2001 |7 0 |8 A |9 423919 |a BIBCUR |b BIBCUR |d 2019-11-22 |i 4573013 |o 070.4 OSS 2001 2001 |p 4573013 |r 2025-04-22 |w 2019-11-22 |y BK |k PER | ||
| 952 | |0 0 |1 0 |4 0 |6 070_400000000000000_OSS_2001_2001 |7 0 |8 A |9 423920 |a BIBCUR |b BIBCUR |d 2019-11-22 |i 4573021 |l 1 |o 070.4 OSS 2001 2001 |p 4573021 |r 2025-04-22 |s 2022-05-13 |w 2019-11-22 |y BK |k PER | ||
| 952 | |0 0 |1 0 |2 ddc |4 0 |6 070_400000000000000_OSS_2001 |7 0 |8 A |9 599096 |a BIBINC |b BIBINC |d 2025-01-10 |e Instituto Arcos |i 5664051 |o 070.4 OSS 2001 |p 5664051 |r 2025-01-10 |t 4 |w 2025-01-10 |y BK |k IFP | ||
| 952 | |0 0 |1 0 |2 ddc |4 0 |6 070_400000000000000_OSS_2001 |7 0 |8 A |9 599097 |a BIBINC |b BIBINC |d 2025-01-10 |e Instituto Arcos |i 5664050 |o 070.4 OSS 2001 |p 5664050 |r 2025-01-10 |t 3 |w 2025-01-10 |y BK |k IFP | ||